|
|
|
|
| LEADER |
01737nam a2200385 a 4500 |
| 001 |
EBC537358 |
| 003 |
MiAaPQ |
| 005 |
20200520144314.0 |
| 006 |
m o d | |
| 007 |
cr cn||||||||| |
| 008 |
091112s2010 nyua sb 001 0 eng |
| 010 |
|
|
|z 2009047843
|
| 020 |
|
|
|z 9781576603338 (alk. paper)
|
| 020 |
|
|
|z 1576603334 (alk. paper)
|
| 020 |
|
|
|z 9780470883457 (e-book)
|
| 035 |
|
|
|a (MiAaPQ)EBC537358
|
| 035 |
|
|
|a (Au-PeEL)EBL537358
|
| 035 |
|
|
|a (CaPaEBR)ebr10392546
|
| 035 |
|
|
|a (CaONFJC)MIL268529
|
| 035 |
|
|
|a (OCoLC)638860419
|
| 040 |
|
|
|a MiAaPQ
|c MiAaPQ
|d MiAaPQ
|
| 050 |
|
4 |
|a N8600
|b .F56 2010
|
| 082 |
0 |
4 |
|a 332.63
|2 22
|
| 245 |
0 |
0 |
|a Fine art and high finance
|h [electronic resource] :
|b expert advice on the economics of ownership /
|c edited by Clare McAndrew.
|
| 250 |
|
|
|a 1st ed.
|
| 260 |
|
|
|a New York :
|b Bloomberg Press,
|c 2010.
|
| 300 |
|
|
|a xviii, 317 p. :
|b ill.
|
| 504 |
|
|
|a Includes bibliographical references and index.
|
| 520 |
|
|
|a "Art investors and collectors can't protect and profit from their collections without grappling with a range of complex financial issues like risk, insurance, restoration, and conservation. In Fine Art and High Finance, Clare McAndrew and a highly qualified team of contributors explain the most difficult financial matters facing art investors"--Provided by publisher.
|
| 533 |
|
|
|a Electronic reproduction. Ann Arbor, MI : ProQuest, 2015. Available via World Wide Web. Access may be limited to ProQuest affiliated libraries.
|
| 650 |
|
0 |
|a Art as an investment.
|
| 655 |
|
4 |
|a Electronic books.
|
| 700 |
1 |
|
|a McAndrew, Clare.
|
| 710 |
2 |
|
|a ProQuest (Firm)
|
| 856 |
4 |
0 |
|u https://ebookcentral.proquest.com/lib/matrademy/detail.action?docID=537358
|z Click to View
|